00453 2200181 4500001002100000005001500021008004100036020001800077035001900095041000700114082001100121090001700132100001900149245003700168260002900205300002200234650001500256INLIS00000000000219320241224112507241224||||||||| | ||| |||| || |  a979-428-167-0 0010-1224002193 aid0 a577.55 a577.55 JOH e0 aJohan Iskandar00aEkologi Perladangan Di Indonesia aJakartabDjambatanc1992 ax,145 hlm.;20 cm. 0aIlmu Murni